Guess The JJK Characters By CT! - Statistics

General Stats
  • This quiz has been taken 1,297 times
  • The average score is 13 of 20
Answer Stats
Hint Answer % Correct
Limitless Satoru Gojo
100%
Shrine Ryomen Sukuna
85%
Idle Transfiguration Mahito
84%
Boogie Woogie Aoi Todo
83%
Ten Shadows Megumi Fushiguro
78%
Ratio Kento Nanami
77%
Disaster Flames Jogo
75%
Straw Doll Nobara Kugisaki
73%
Cursed Spirit Manipulation Suguru Geto
73%
Heavenly Restriction Toji Fushiguro
72%
Black Bird Manipulation Mei Mei
68%
Disaster Tides Dagon
66%
Copy Yuta Okkotsu
63%
Cursed Speech Inumaki Toge
61%
Construction Mai Zenin
60%
Projection Sorcery Naoya Zenin
59%
Private Pure Love Train Kinji Hakari
58%
Blood Manipulation Choso Kamo
51%
Spatial Transference Ui Ui
35%
Solo Forbidden Area Utahime Lori
12%
No matching quizzes found
Score Distribution
Percent of People with Each Score
Percentile by Number Answered
Your Score History
You have not taken this quiz